000 00828nam a2200229Ii 4500
003 JO-AjNU
008 230605s9999||||xx |||||||||||||| ||und||
017 _a2010/19847
020 _a978-977-473-013-9
040 _aJO-AjNU
_bara
_erda
_cJO-AjNU
041 _aara
050 1 4 _aHG179 2011
100 3 _aعلي، احمد جابر حسنين ,
_eauthor
_934285
245 0 0 _aاخلاقيات العمل بين الدين والمجتمع
264 3 1 _aالقاهرة: المنظمة العربية للتنمية الادارية، 2011
300 _a312ص
_bيحتوي على ببلوغرافية من 303-312ص
336 _atext
_btxt
_2rdacontent
337 _aunmediated
_bn
_2rdamedia
338 _avolume
_bnc
_2rdacarrier
490 0 _aبحوث ودراسات؛481
650 4 _aاخلاقيات العمل
_934286
999 _aA14039
_c17607
_d17607